| 000 | 00790cam a2200241 4500 | ||
|---|---|---|---|
| 001 | B3095 | ||
| 008 | 090401t1990 xxu||||| |||| 00| 0 eng d | ||
| 035 | _a(Sirsi) u53950 | ||
| 041 | _aeng | ||
| 050 | _a692.8 | ||
| 090 | _aRICS 1990/39A | ||
| 110 |
_aRoyal Institution of Chartered Surveyors _94900 |
||
| 245 | _aStandard form of valuation for management contracts | ||
| 260 |
_aLondon _bRoyal Institution of Chartered Surveyors _c1990 |
||
| 300 | _aPad of 66 triplicate forms; 30cm. | ||
| 350 | _a0 | ||
| 520 | _aTitle on cover: RICS standard form of chartered quantity surveyor`s valuation for management contracts. | ||
| 650 | _aCONTRACT ADMINISTRATION FORMS | ||
| 650 | _aMANAGEMENT CONTRACTING | ||
| 650 |
_aQuantity surveying _96263 |
||
| 942 | _n0 | ||
| 948 | _c04/03/1997 | ||
| 999 |
_c93374 _d93374 |
||